000 00433cam a2200157ua 4500
020 _a9788172337230
082 _a624.1514
_bTRO/SO
100 _aTrout, Thomas J .
_9710
100 _aGarcia-Castillas, Ignatious .
_9711
100 _aHart , William E.
_9712
245 _aSoil-Water Engineering: Field and Laboratory Manual
250 _a1 /
260 _aJaipur :
_bAcademic Publisehrs ,
_c2012
300 _a178
942 _cREF
999 _c6772
_d6772